Los secuestradores de burros / (Registro nro. 9886)

Detalles MARC
000 -LIDER
fixed length control field 00942nam a22003255b 4500
001 - NÚMERO DE CONTROL
Identificador de número de control 244326
003 - IDENTIFICACDOR DE NÚMERO DE CONTROL
control field DO-SdBNP
005 - DATE AND TIME OF LATEST TRANSACTION
control field 20180222152636.0
007 - CAMPOS FIJOS DE DESCRIPCIÓN FÍSICA
fixed length control field 244326
008 - ELEMENTOS DE LONGITUD FIJA
fixed length control field 920526s1982 sp | |||| ||spa
016 7# - NO. DE CONTROL DE LA AGENCIA BIB. NACIONAL
Record control number
Source BPMSU
017 ## - NÚMERO DE REGISTRO DE DERECHOS DE AUTOR
Copyright or legal deposit number
Assigning agency
020 ## - ISBN
International Standard Book Number 842044782X
035 ## - NÚMERO LOCAL
System control number
040 ## - FUENTE DE CATALOGACIÓN
Agencia que crea de manera original el registro BPMSU
Idioma de catalogación spa
Agencia que realiza la transcripción BPMSU
Convenciones de la despripción
041 1# - CÓDIGOS DE OBRAS TRADUCIDAS O EN VARIOS IDIOMAS
Código del idioma del texto/archivo de sonido o separata spa
Cód. del idioma original y/o traducciones intermedias del texto
080 #0 - NÚMERO DE CLASIFICACIÓN DECIMAL UNIVERSAL
Universal Decimal Classification number
100 1# - ASIENTO PRINCIPAL -- NOMBRE PERSONAL
Nombre personal Durrell, Gerald
Fechas asociadas con el nombre 1925-1995
240 14 - TITULO UNIFORME
Título uniforme The donkey rustlers
Idioma de una obra español
245 14 - MENCIÓN DE TITULO
Título Los secuestradores de burros /
Medio (Designación general de material)
Mención de responsabilidad Gerald Durrell ; traducción de Mª Luisa Balseiro ; ilustraciones de Mabel Álvarez
260 ## - PUBLICACIÓN, DISTRIBUCIÓN, ETC. (PIE DE IMPRENTA)
Lugar de publicación, distribución, etc Madrid
Nombre del editor, distribuidor, etc. Alfaguara
Fecha de publicación, distribución, etc 1982
300 ## - DESCRIPCIÓN FÍSICA
Extensión 177 p. :
Otros detalles físicos il.;
Dimensiones 19 cm
490 ## - MENCIÓN DE SERIES
Mención de serie Juvenil Alfaguara
700 1# - ASIENTO SECUNDARIO -- NOMBRE PERSONAL
Nombre personal Balseiro, María Luisa
Mención de responsabilidad tr.
700 1# - ASIENTO SECUNDARIO -- NOMBRE PERSONAL
Nombre personal Álvarez, Mabel
Fechas asociadas con el nombre 1951-
Mención de responsabilidad il.
830 ## - ASIENTO SECUNDARIO DE SERIE--TÍTULO UNIFORME
Título uniforme Juvenil Alfaguara
942 ## - ADDED ENTRY ELEMENTS (KOHA)
Source of classification or shelving scheme Dewey Decimal Classification
Koha item type Libros
945 ## - INFORMACIÓN DE PROCESAMIENTO LOCAL
Información de procesamiento local inventariado, 2018 / dg
956 ## - LOCAL ELECTRONIC LOCATION AND ACCESS (OCLC)
Nombre de host VMATEO
Método de acceso 10
Materiales especificados 20160421
Enlace BPMSU
Campo enlazado y núm. de secuencia 0069
Existencias
Withdrawn status Lost status Source of classification or shelving scheme Damaged status Not for loan Collection code Home library Current library Date acquired Source of acquisition Total Checkouts Barcode Date last seen Price effective from Koha item type Copy number
    Dewey Decimal Classification     Colección Infantil General Biblioteca Pública Metropolitana Salomé Ureña Biblioteca Pública Metropolitana Salomé Ureña 04/21/2016 FUNDI   BPMSU16040622 04/21/2016 04/21/2016 Libros  
    Dewey Decimal Classification     Colección Infantil General Biblioteca Pública Metropolitana Salomé Ureña Biblioteca Pública Metropolitana Salomé Ureña 02/22/2018 FUNDI   BPMSU18020251 02/22/2018 02/22/2018 Libros e. 2